000
00277nam a2200121Ia 4500
005
20251222144721.0
008
251222s9999||||xx |||||||||||||| ||spa||
020
_a
978-9972-2695-7-8
082
_a
338.918.5/A29
245
0
_a
Memoria Anual 2008
264
_b
APCI
942
_c
LIB
999
_c
18212
_d
18212